Theatre; the rediscovery of style and other writings.
Gespeichert in:
| 1. Verfasser: | |
|---|---|
| Format: | Buch |
| Sprache: | Englisch |
| Veröffentlicht: |
Routledge..
2009.
|
| Tags: |
Tag hinzufügen
Keine Tags, Fügen Sie den ersten Tag hinzu!
|
MARC
| LEADER | 00000nam a22000007a 4500 | ||
|---|---|---|---|
| 008 | 211101b ||||| |||| 00| 0 eng d | ||
| 020 | |a 9780415450485 | ||
| 100 | |a Saint- Denis, Michel | ||
| 245 | |a Theatre; |b the rediscovery of style and other writings. |c Michel Saint- Denis; edited by Jane Baldwin. |g ix, 202 p. | ||
| 260 | |b Routledge.. |c 2009. |d Book |h Oxon, Ox. |i 679191 |i 679192 |l PN2037.Sa2. |m Theater. |m Drama. |m Acting--Study and teaching. | ||
| 942 | |a lcc |c BK |e Olagoke, M.A. |f 01/11/2021 | ||
| 952 | |0 0 |1 0 |2 lcc |4 0 |7 0 |9 3776 |a HOL |b HOL |c LP |d 2021-11-01 |o PN2037.Sa2 |p 2021-67508 |r 2021-11-01 00:00:00 |t 679191 |w 2021-11-01 |y BK | ||
| 952 | |0 0 |1 0 |2 lcc |4 0 |7 0 |9 3777 |a HOL |b HOL |c LP |d 2021-11-01 |o PN2037.Sa2 |p 2021-67509 |r 2021-11-01 00:00:00 |t 679192 |w 2021-11-01 |y BK | ||
| 952 | |0 0 |1 0 |2 lcc |4 0 |7 0 |9 3920 |a HOL |b HOL |c LP |d 2021-11-24 |l 0 |o PN2037,Sa2 |p 2021-67643 |r 2021-11-24 00:00:00 |w 2021-11-24 |y BK | ||
| 999 | |c 1884 |d 1884 | ||